Manāhij al-adillah fī ʻaqāʼid al-millah, (Record no. 48104)

MARC details
000 -LEADER
fixed length control field 00887cam a22002531 4500
001 - CONTROL NUMBER
control field ne 65000971
003 - CONTROL NUMBER IDENTIFIER
control field DLC
005 - DATE AND TIME OF LATEST TRANSACTION
control field 20260227111813.0
008 - FIXED-LENGTH DATA ELEMENTS--GENERAL INFORMATION
fixed length control field 900613s1964 ua 000 0 arar
010 ## - LIBRARY OF CONGRESS CONTROL NUMBER
LC control number ne 65000971
025 ## - OVERSEAS ACQUISITION NUMBER
Overseas acquisition number PL480:UAR-5609
035 ## - SYSTEM CONTROL NUMBER
System control number (OCoLC)21800514
040 ## - CATALOGING SOURCE
Original cataloging agency DLC
Transcribing agency WaU
Modifying agency WaU
-- OCoLC
-- DLC
042 ## - AUTHENTICATION CODE
Authentication code premarc
050 00 - LIBRARY OF CONGRESS CALL NUMBER
Classification number BP166
Item number .A9
100 0# - MAIN ENTRY--PERSONAL NAME
Personal name Averroës,
Dates associated with a name 1126-1198.
245 10 - TITLE STATEMENT
Title Manāhij al-adillah fī ʻaqāʼid al-millah,
Statement of responsibility, etc. li-Ibn Rushd. Maʻa muqaddimah fī naqd madāris ʻilm al-kalām. Taqdīm wa-taḥqīq Maḥmūd Qāsim.
250 ## - EDITION STATEMENT
Edition statement al-Ṭabʻah al-thāniyah.
260 ## - PUBLICATION, DISTRIBUTION, ETC.
Place of publication, distribution, etc. [al-Qāhirah]
Name of publisher, distributor, etc. Maktabat al-Anjlū al-Miṣrīyah,
Date of publication, distribution, etc. 1964.
300 ## - PHYSICAL DESCRIPTION
Extent 259 p.
Dimensions 23 cm.
440 #0 - SERIES STATEMENT/ADDED ENTRY--TITLE
Title Silsilah fī al-dirāsāt al-falsafīyah wa-al-akhlāqīyah,
Volume/sequential designation 6
650 #0 - SUBJECT ADDED ENTRY--TOPICAL TERM
Topical term or geographic name entry element Islam
General subdivision Doctrines
-- Early works to 1800.
700 1# - ADDED ENTRY--PERSONAL NAME
Personal name Qāsim, Maḥmūd.

No items available.

Powered by Koha